Una oferta científica e histórica internacional all doctor J.M. Font i Rius por sus ocho lustros de docencia universitaria / (Record no. 110499)

MARC details
000 -LEADER
campo de control de longitud fija 00997nam a2200241 i 4500
001 - NÚMERO DE CONTROL
campo de control 110499
003 - IDENTIFICADOR DE NÚMERO DE CONTROL
campo de control ES-MaACL
005 - FECHA Y HORA DE LA ÚLTIMA TRANSACCIÓN
campo de control 20250809062538.0
007 - CAMPO FIJO DE DESCRIPCIÓN FÍSICA--INFORMACIÓN GENERAL
campo de control de longitud fija t|
008 - DATOS DE LONGITUD FIJA--INFORMACIÓN GENERAL
campo de control de longitud fija 061121s1985 sp r ||||1| spa d
020 ## - NÚMERO INTERNACIONAL ESTÁNDAR DEL LIBRO
Número Internacional Estándar del Libro 84-86130-89-1
245 04 - MENCIÓN DEL TÍTULO
Título Una oferta científica e histórica internacional all doctor J.M. Font i Rius por sus ocho lustros de docencia universitaria /
Mención de responsabilidad, etc. edición coordinada por Manuel J. Pelèz, Jesús Fernández Viladrich.
260 ## - PUBLICACIÓN, DISTRIBUCIÓN, ETC.
Lugar de publicación, distribución, etc. Barcelona :
Nombre del editor, distribuidor, etc. Promociones Publicaciones Universitarias,
Fecha de publicación, distribución, etc. 1985.
300 ## - DESCRIPCIÓN FÍSICA
Extensión XIV, 424 p. ;
Dimensiones 24 cm.
490 1# - MENCIÓN DE SERIE
Mención de serie Bibliográfica de derecho histórico e historia de las instituciones ;
Designación de volumen o secuencia 6
650 07 - PUNTO DE ACCESO ADICIONAL DE MATERIA--TÉRMINO DE MATERIA
Término de materia o nombre geográfico como elemento de entrada Derecho
Fuente del encabezamiento o término embne
9 (RLIN) 11602
700 1# - ENTRADA AGREGADA--NOMBRE PERSONAL
Nombre de persona Peláez, Manuel J.
9 (RLIN) 130966
700 1# - ENTRADA AGREGADA--NOMBRE PERSONAL
Nombre de persona Fernández Viladrich, Jesús.
9 (RLIN) 50156
700 1# - ENTRADA AGREGADA--NOMBRE PERSONAL
Nombre de persona Font i Rius, Josep Maria.
9 (RLIN) 51559
830 0# - PUNTO DE ACCESO ADICIONAL DE SERIE-TÍTULO UNIFORME
Título uniforme Bibliográfica de derecho histórico e historia de las instituciones ;
Designación de volumen o secuencia 6
9 (RLIN) 233030
852 ## - LOCALIZACIÓN
Ubicación ES-MaACL
Número de control de estantería L-9468
Holdings
Estatus retirado Estado de pérdida Estado de daño No para préstamo Biblioteca de origen Biblioteca actual Ubicación en estantería Fecha de adquisición Fuente de adquisición Total de préstamos Signatura topográfica completa Código de barras Visto por última vez Precio de reemplazo Tipo de ítem Koha
        Biblioteca del Ateneo de Madrid Biblioteca del Ateneo de Madrid Depósito 2 17/01/2008     L-9468 1115288 23/02/2023 23/02/2023 Libro impreso